[Event "Challenge"]
[Site "http://www.queenalice.com/game.php?id=1436449"]
[Date "2016.8.16"]
[Round "-"]
[White "Teenho"]
[Black "Numimbala"]
[Result "0-1"]
[WhiteElo "1560"]
[BlackElo "1528"]

1. e4 e5 2. Nf3 Nf6 3. Nc3 d6 4. d4 Bg4 5. dxe5 dxe5 6. Qxd8+ Kxd8 7. Nxe5 Be6
8. Bf4 Bc5 9. O-O-O+ Nbd7 10. f3 b5 11. Bxb5 Rf8 12. Nxd7 Bxd7 13. e5 Nh5 14.
Bxd7 Nxf4 15. Bc6+ Ke7 16. Bxa8 Rxa8 17. Nd5+ Nxd5 18. Rxd5 Be3+ 19. Kb1 Ke6 0-1

[Event "Challenge"]
[Site "http://www.queenalice.com/game.php?id=1436450"]
[Date "2016.8.16"]
[Round "-"]
[White "Teenho"]
[Black "Numimbala"]
[Result "0-1"]
[WhiteElo "1578"]
[BlackElo "1532"]

1. d4 e6 2. Nf3 Qe7 3. e4 Nf6 4. Bg5 h6 5. Bxf6 gxf6 6. Nc3 c6 7. Bc4 b5 8. Bd3
e5 9. d5 b4 10. Ne2 a5 11. dxc6 dxc6 12. O-O Rg8 13. Nh4 Qd6 14. Nf5 Qc5 15. Qd2
Bxf5 16. exf5 Qd5 17. Rfd1 Qxg2# 0-1

[Event "Let's Play Chess!"]
[Site "http://www.queenalice.com/game.php?id=1438440"]
[Date "2016.8.30"]
[Round "-"]
[White "manuelito"]
[Black "Teenho"]
[Result "1-0"]
[WhiteElo "1569"]
[BlackElo "1600"]

1. d4 f5 2. e3 d5 3. Nf3 Nf6 4. c4 e6 5. Nc3 Bb4 6. Bd2 dxc4 7. Bxc4 Bxc3 8.
Bxc3 Bd7 9. O-O b5 10. Bb3 Nc6 11. Rc1 b4 12. Bd2 Ne4 13. Bxe6 Bxe6 14. Rxc6
Bxa2 15. Qa4 O-O 16. Qxa2+ Kh8 17. Bxb4 Qd7 18. Ne5 Qe8 19. Bxf8 Qxf8 20. Rxc7
Nd6 21. Rxa7 Rxa7 22. Qxa7 f4 23. Ra1 g6 24. Qd7 fxe3 25. fxe3 Nc8 26. Rf1 Qxf1+
27. Kxf1 Nb6 28. Qd8+ Kg7 29. Qxb6 Kh6 30. g4 Kg5 31. Qd8+ Kh6 32. h4 Kg7 33.
Qe7+ Kh6 34. Qf8# 1-0

[Event "Let's Play Chess!"]
[Site "http://www.queenalice.com/game.php?id=1438441"]
[Date "2016.8.30"]
[Round "-"]
[White "Teenho"]
[Black "manuelito"]
[Result "0-1"]
[WhiteElo "1565"]
[BlackElo "1507"]

1. d4 d5 2. Nc3 e6 3. e4 dxe4 4. Be3 f5 5. d5 exd5 6. Bb5+ c6 7. Qxd5 Qxd5 8.
Nxd5 cxb5 9. Nc7+ Kd8 10. Nxa8 Nf6 11. Bxa7 Bd6 12. O-O-O Ke7 13. f3 Nc6 14. Bb6
Be6 15. Nc7 Bxa2 16. Nxb5 Bf4+ 17. Rd2 Bxd2+ 18. Kxd2 e3+ 19. Bxe3 Rd8+ 20. Kc1
Bc4 21. Bc5+ Kd7 22. Nd6 b6 23. Bxb6 Kxd6 24. Bxd8 Nxd8 25. Nh3 h6 26. Rd1+ Ke7
27. Rd4 Be6 28. Nf4 Nf7 29. Nxe6 Kxe6 30. f4 Ne4 31. b4 Nfd6 0-1

[Event "AUTO-OPEN-3698"]
[Site "http://www.queenalice.com/game.php?id=1438872"]
[Date "2016.8.31"]
[Round "1"]
[White "clovis"]
[Black "Teenho"]
[Result "1-0"]
[WhiteElo "2166"]
[BlackElo "1520"]

1. e4 e5 2. Bc4 Nf6 3. Nc3 Qe7 4. Nf3 b6 5. Ng5 d5 6. Nxd5 Nxd5 7. Bxd5 Qxg5 8.
Bxa8 Qxg2 9. Rf1 Qxh2 10. d3 Bh3 11. Qe2 Bxf1 12. Qxf1 Bc5 13. Bd2 Bxf2+ 14.
Qxf2 Qxf2+ 15. Kxf2 c6 16. b4 O-O 17. a4 f5 18. Ke2 fxe4 19. dxe4 h5 20. b5 cxb5
21. Bd5+ Kh8 22. axb5 h4 23. Be1 g5 24. Bc3 Nd7 25. Rxa7 Rd8 26. Be6 h3 27. Rxd7
Rxd7 28. Bxd7 h2 29. Bxe5+ Kh7 30. Bxh2 Kh6 31. c4 Kh5 32. c5 bxc5 33. b6 c4 34.
b7 c3 35. b8=Q c2 36. Qc7 Kh4 37. Be8 c1=N+ 38. Kd1 Kh3 39. Qg3# 1-0

[Event "AUTO-OPEN-3698"]
[Site "http://www.queenalice.com/game.php?id=1438873"]
[Date "2016.8.31"]
[Round "1"]
[White "Teenho"]
[Black "clovis"]
[Result "0-1"]
[WhiteElo "1584"]
[BlackElo "2129"]

1. d4 d5 2. Nc3 c6 3. g3 Nf6 4. Bg2 Bf5 5. f3 e6 6. Bg5 Bb4 7. Qb1 O-O 8. a3
Bxc3+ 9. bxc3 Nbd7 10. Qxb7 Bxc2 11. Qxc6 Rc8 12. Qb7 Rxc3 13. Kd2 Rc4 14. e3
Qa5+ 15. Ke2 Bd3+ 16. Kxd3 Qc3+ 17. Ke2 Qxa1 18. Bxf6 Rc2+ 19. Kd3 Qc3# 0-1

[Event "AUTO-OPEN-3698"]
[Site "http://www.queenalice.com/game.php?id=1438896"]
[Date "2016.8.31"]
[Round "1"]
[White "Guilhermerocha"]
[Black "Teenho"]
[Result "0-1"]
[WhiteElo "1717"]
[BlackElo "1547"]

1. e4 e6 2. d4 d5 3. Nc3 Bb4 4. Bd2 dxe4 5. Nxe4 Qxd4 6. Bd3 Qxb2 7. Rb1 Bxd2+
8. Nxd2 Qxa2 9. Qg4 g6 10. Qd4 f6 11. Bc4 Qxc2 12. Ne2 Nc6 13. Qf4 e5 14. Qe3
Bf5 15. O-O O-O-O 16. Rfc1 Qxd2 17. Rb3 Qd1+ 0-1

[Event "AUTO-OPEN-3698"]
[Site "http://www.queenalice.com/game.php?id=1438897"]
[Date "2016.8.31"]
[Round "1"]
[White "Teenho"]
[Black "Guilhermerocha"]
[Result "0-1"]
[WhiteElo "1583"]
[BlackElo "1668"]

1. d4 c5 2. e3 Nc6 3. dxc5 Qa5+ 4. Bd2 Qxc5 5. Nc3 d5 6. e4 d4 7. Nb5 Bd7 8.
Nc7+ Kd8 9. Nxa8 Nf6 10. Bf4 Nxe4 11. Qe2 Nxf2 12. Qxf2 e5 13. Bg5+ Kc8 14. Qxf7
Qxc2 15. Bc1 Bb4+ 0-1

[Event "AUTO-OPEN-3698"]
[Site "http://www.queenalice.com/game.php?id=1438910"]
[Date "2016.8.31"]
[Round "1"]
[White "maurice91"]
[Black "Teenho"]
[Result "1-0"]
[WhiteElo "1783"]
[BlackElo "1586"]

1. d4 f6 2. d5 c6 3. c4 cxd5 4. cxd5 Qa5+ 5. Nc3 e5 6. e4 Bb4 7. Qb3 Na6 8. Bxa6
Bxc3+ 9. bxc3 Qxa6 10. c4 d6 11. Ne2 Ne7 12. Rb1 Rb8 13. O-O b5 14. Nc3 Bd7 15.
cxb5 Bxb5 16. Nxb5 O-O 17. a4 Rb6 18. Be3 Rb7 19. Qa3 Rd8 20. f3 f5 21. Bg5 Rdb8
22. Bxe7 Rxb5 23. Rxb5 Rxb5 24. Bxd6 Qb6+ 25. Kh1 Rb3 26. Qc5 Qa6 27. Rc1 fxe4
28. fxe4 Ra3 29. Qxa3 1-0

[Event "AUTO-OPEN-3698"]
[Site "http://www.queenalice.com/game.php?id=1438911"]
[Date "2016.8.31"]
[Round "1"]
[White "Teenho"]
[Black "maurice91"]
[Result "0-1"]
[WhiteElo "1543"]
[BlackElo "1839"]

1. e3 d5 2. d4 c5 3. dxc5 Nc6 4. e4 d4 5. Bb5 e5 6. Qf3 Nf6 7. Bg5 Be7 8. Bxf6
Bxf6 9. c3 Qa5 10. Qd3 Bd7 11. b4 Qc7 12. Bxc6 Qxc6 13. Nf3 b5 14. Na3 a6 15.
cxd4 exd4 16. Nxd4 Bxd4 17. Qxd4 O-O 18. O-O Rfe8 19. f3 a5 20. Nc2 a4 21. Rad1
Be6 22. Qd6 Qxd6 23. Rxd6 Bxa2 24. Rb6 a3 25. Ra1 Bb3 26. Nxa3 Bc4 27. c6 g6 28.
Nc2 Rxa1+ 29. Nxa1 Rd8 30. c7 Rd1+ 31. Kf2 Be6 0-1

[Event "Let's Play Chess!"]
[Site "http://www.queenalice.com/game.php?id=1440930"]
[Date "2016.9.12"]
[Round "-"]
[White "igorjava"]
[Black "Teenho"]
[Result "1-0"]
[WhiteElo "1985"]
[BlackElo "1530"]

1. e4 e5 2. f4 d6 3. Nf3 Nc6 4. a3 Bg4 5. c3 Nf6 6. d3 d5 7. exd5 Qxd5 8. c4 Qe6
9. Be2 Bxf3 10. gxf3 exf4 11. Bxf4 Nd4 12. Kd2 O-O-O 13. Re1 Bd6 14. Bg3 Bxg3
15. hxg3 Nxf3+ 16. Bxf3 Qxc4 17. Qc2 b5 18. Nc3 c6 19. Rad1 h5 20. Kc1 Qc5 21.
Ne4 Nxe4 22. Bxe4 Qg5+ 23. Kb1 c5 24. Qg2 Rd7 25. Bc6 Re7 26. Rxe7 Qxe7 27. Bxb5
1-0

[Event "Let's Play Chess!"]
[Site "http://www.queenalice.com/game.php?id=1440931"]
[Date "2016.9.12"]
[Round "-"]
[White "Teenho"]
[Black "igorjava"]
[Result "0-1"]
[WhiteElo "1528"]
[BlackElo "1987"]

1. d4 e6 2. e4 d5 3. Nc3 h6 4. g3 c6 5. exd5 cxd5 6. Bg2 Nf6 7. Bf4 a6 8. Nf3
Bb4 9. Qd2 Ne4 10. Qe2 Nxc3 11. Qe3 Ne4+ 12. c3 Bd6 13. O-O Bxf4 14. gxf4 Nc6
15. Ne5 Nd6 16. Bxd5 Ne7 17. Bb3 O-O 18. Rae1 Nef5 19. Qf3 Rb8 20. d5 Qf6 21.
dxe6 Bxe6 22. Bxe6 fxe6 23. Nd7 Qg6+ 24. Kh1 Rfd8 25. Nxb8 Rxb8 26. Rg1 Qf6 27.
Qh3 Nc4 0-1

[Event "Let's Play Chess!"]
[Site "http://www.queenalice.com/game.php?id=1440936"]
[Date "2016.9.13"]
[Round "-"]
[White "charles31"]
[Black "Teenho"]
[Result "1-0"]
[WhiteElo "1866"]
[BlackElo "1539"]

1. e4 e5 2. Nf3 Nc6 3. a3 b6 4. Bc4 Nf6 5. d3 d5 6. exd5 Nxd5 7. Bxd5 Qxd5 8.
Nc3 Qe6 9. Qe2 Bc5 10. Be3 Qg4 11. Bxc5 bxc5 12. g3 Nd4 13. Qxe5+ Be6 14. Nxd4
cxd4 15. Nd5 Rc8 16. Nxc7+ 1-0

[Event "Challenge"]
[Site "http://www.queenalice.com/game.php?id=1447504"]
[Date "2016.11.2"]
[Round "-"]
[White "Teenho"]
[Black "walbert"]
[Result "1-0"]
[WhiteElo "1518"]
[BlackElo "1561"]

1. e4 e5 2. Nf3 Nc6 3. b3 g6 4. Bb2 d6 5. d4 Bg4 6. Be2 h5 7. dxe5 Nxe5 8. h3
Bxf3 9. Bxf3 b6 10. Nd2 Bh6 11. Nc4 Nxc4 12. bxc4 Nf6 13. e5 dxe5 14. Bxa8 1-0

[Event "Let's Play Chess!"]
[Site "http://www.queenalice.com/game.php?id=1450270"]
[Date "2016.11.16"]
[Round "-"]
[White "igorjava"]
[Black "Teenho"]
[Result "1-0"]
[WhiteElo "1937"]
[BlackElo "1526"]

1. e4 e5 2. f4 Nc6 3. Nf3 d6 4. Bc4 Qf6 5. f5 Nge7 6. d3 g6 7. Bg5 Qg7 8. f6 Qg8
9. fxe7 Bxe7 10. Bh6 Bg4 11. c3 O-O-O 12. O-O a6 13. b4 Qe8 14. Qd2 Rg8 15. h3
b5 16. Bb3 Qd7 17. hxg4 Bf6 18. a4 1-0